<?xml version="1.0" encoding="UTF-8"?>
<collection xmlns="http://www.loc.gov/MARC21/slim">
  <record>
    <leader>00000nam  2200000   4500</leader>
    <controlfield tag="001">INLIS000000000018518</controlfield>
    <controlfield tag="005">20241120025759</controlfield>
    <datafield tag="035" ind1="#" ind2="#">
      <subfield code="a">0010-1124000184</subfield>
    </datafield>
    <controlfield tag="007">ta</controlfield>
    <controlfield tag="008">241120###########################0######</controlfield>
    <datafield tag="245" ind1="#" ind2="#">
      <subfield code="a">SINERGI TI-UNTAD :</subfield>
      <subfield code="b">Strategi Inovasi Untuk Meningkatkan Kepatuhan Terhadap Standar Kurikulum Di Teknik Informatika /</subfield>
      <subfield code="c">Ayu Hernita, M.Kom</subfield>
    </datafield>
    <datafield tag="260" ind1="#" ind2="#">
      <subfield code="a">Makassar :</subfield>
      <subfield code="b">Puslatbang KMP RI LAN Makassar,</subfield>
      <subfield code="c">2024</subfield>
    </datafield>
    <datafield tag="300" ind1="#" ind2="#">
      <subfield code="a">64 ;</subfield>
      <subfield code="c">30</subfield>
    </datafield>
    <datafield tag="650" ind1="#" ind2="4">
      <subfield code="a">Meningkatkan kepatuhan terhadap standar kurikulum serta menjaga relevansi dengan kebutuhan industri</subfield>
    </datafield>
    <datafield tag="700" ind1=" " ind2="#">
      <subfield code="a">Yuri Yudhaswana Joefrie, ST, MT, Ph. D (Mentor)</subfield>
    </datafield>
    <datafield tag="700" ind1=" " ind2="#">
      <subfield code="a">Taufik, S.E (Coach)</subfield>
    </datafield>
    <datafield tag="520" ind1="#" ind2="#">
      <subfield code="a">Kegiatan evaluasi dan pengembangan kurikulum di Prodi Teknik Informatika Universitas Tadulako bertujuan untuk meningkatkan kepatuhan terhadap standar kurikulum serta menjaga relevansi dengan kebutuhan industri. Tim pengembangan kurikulum yang terdiri dari dosen, mahasiswa, dan alumni bertugas melakukan review dan revisi setiap dua tahun. Umpan balik dari mahasiswa, alumni, dan industri dijadikan dasar untuk menyusun rekomendasi revisi. Penggunaan Learning Management System (LMS) dioptimalkan melalui pelatihan bagi dosen dan mahasiswa, serta evaluasi bulanan untuk meningkatkan efektivitas. Pelatihan dosen juga diadakan secara rutin untuk meningkatkan kualitas pengajaran. Kolaborasi dengan industri dilakukan melalui program magang, seminar, dan proyek penelitian, memastikan lulusan siap menghadapi dunia kerja. Implementasi SOP yang sistematis diharapkan dapat meningkatkan kualitas lulusan serta kepatuhan terhadap standar kurikulum.</subfield>
    </datafield>
    <datafield tag="856" ind1="#" ind2="#">
      <subfield code="a">PUSLATBANG KMP LAN RI Makassar</subfield>
    </datafield>
  </record>
</collection>
